2012 Chicago Bears Roster - Statistics

General Stats
  • This quiz has been taken 310 times
  • The average score is 14 of 54
Answer Stats
Pos. & # Player % Correct
QB #6 Jay Cutler
95%
RB #22 Matt Forte
86%
WR #15 Brandon Marshall
80%
LB #54 Brian Urlacher
78%
CB #33 Charles Tillman
71%
LB #55 Lance Briggs
70%
WR #23 Devin Hester
65%
DE #90 Julius Peppers
58%
K #9 Robbie Gould
57%
WR #17 Alshon Jeffery
49%
WR #80 Earl Bennett
49%
CB #26 Tim Jennings
48%
S #47 Chris Conte
42%
G/C #63 Roberto Garza
37%
QB #12 Josh McCown
36%
S #21 Major Wright
31%
TE #87 Kellen Davis
30%
G/C #70 Edwin Williams
25%
DE #69 Henry Melton
25%
QB #2 Jason Campbell
24%
RB #25 Armando Allen
20%
LB #53 Nick Roach
20%
LS #65 Patrick Mannelly
20%
DL #71 Israel Idonije
18%
T #73 J'Marcus Webb
18%
TE #89 Matt Spaeth
18%
P #8 Adam Podlesh
17%
WR #14 Eric Weems
16%
T #72 Gabe Carimi
16%
DT #92 Stephen Paea
16%
RB #32 Kahlil Bell
15%
TE #86 Kyle Adams
14%
DE #99 Shea McClellin
14%
CB #30 D.J. Moore
13%
T #78 James Brown
12%
LB #97 J.T. Thomas
12%
CB #38 Zack Bowman
12%
DE #98 Corey Wootton
11%
FB #48 Evan Rodriguez
10%
CB #24 Kelvin Hayden
10%
WR #19 Joe Anderson
8%
T #76 Cory Brandon
7%
DT #93 Nate Collins
7%
DT #91 Amobi Okoye
4%
S #37 Anthony Walters
4%
LB #52 Blake Costanzo
4%
G/C #67 Chris Spencer
4%
LB #58 Geno Hayes
3%
RB #45 Harvey Unga
3%
LB #57 Dom DeCicco
2%
LB #59 Jerry Franklin
2%
T #79 Jonathan Scott
2%
DE #95 Cheta Ozougwu
1%
S #43 Troy Nolan
1%
No matching quizzes found
Score Distribution
Percent of People with Each Score
Percentile by Number Answered
Your Score History
You have not taken this quiz